[Event "NATO-ch 30th"]
[Site "Berlin"]
[Date "2019.09.20"]
[Round "7.51"]
[White "Sass, Andrew"]
[Black "Kries, Yvon"]
[Result "1/2-1/2"]
[WhiteElo "1551"]
[BlackElo "1741"]
[PlyCount "131"]
[EventDate "2019.09.14"]
[EventType "team-swiss"]
[EventRounds "7"]
[EventCountry "GER"]
[SourceTitle "EXT 2020"]
[Source "ChessBase"]
[SourceDate "2019.10.17"]
[SourceVersion "1"]
[SourceVersionDate "2019.10.17"]
[SourceQuality "1"]
[WhiteTeam "Canada"]
[BlackTeam "Luxembourg"]
[WhiteTeamCountry "CAN"]
[BlackTeamCountry "LUX"]

1. c4 f5 2. Nc3 Nf6 3. e3 e6 4. g3 c6 5. Bg2 d5 6. cxd5 cxd5 7. d4 Nbd7 8. Nge2 Be7 9. Nf4 Nb6 10. 0-0 0-0 11. b3 Bd7 12. a4 Nc8 13. Ba3 Nd6 14. Nd3 b6 15. Ne2 Rc8 16. Ne5 Nf7 17. Bxe7 Qxe7 18. Nxd7 Qxd7 19. f3 Rc7 20. a5 b5 21. b4 a6 22. Nc1 Qe7 23. Nd3 Nd7 24. Qd2 Nd6 25. Qf2 Nc4 26. Rac1 Rfc8 27. Nf4 Rf8 28. Rfe1 g5 29. Nd3 Rf6 30. Bf1 h5 31. h4 gxh4 32. gxh4 Rg6+ 33. Kh1 Nf6 34. Nf4 Rg7 35. Bh3 Qd6 36. Nd3 Rce7 37. Rg1 Nd7 38. Rxg7+ Rxg7 39. Rg1 Qe7 40. Rxg7+ Qxg7 41. e4 Nd6 42. exd5 exd5 43. Qg2 Nc4 44. Qxg7+ Kxg7 45. Bxf5 Nb8 46. Be6 Ne3 47. Nf4 Nc2 48. Nxh5+ Kh6 49. Nf6 Nxd4 50. Bxd5 Nc2 51. Be6 Nxb4 52. Bc8 N8c6 53. Nd7 Nxa5 54. Nc5 Nac6 55. Nxa6 Nxa6 56. Bxa6 b4 57. Kg2 b3 58. Bd3 b2 59. f4 Kh5 60. Kf3 Kxh4 61. Ke4 Nb4 62. Bb1 Kg4 63. f5 Kg5 64. Kd4 Nc6+ 65. Kd5 Ne7+ 66. Ke6 1/2-1/2

[Event "NATO-ch 30th"]
[Site "Berlin"]
[Date "2019.09.18"]
[Round "4.54"]
[White "Sass, Andrew"]
[Black "Smit, Jan"]
[Result "1/2-1/2"]
[WhiteElo "1551"]
[BlackElo "1808"]
[PlyCount "54"]
[EventDate "2019.09.14"]
[EventType "team-swiss"]
[EventRounds "7"]
[EventCountry "GER"]
[SourceTitle "EXT 2020"]
[Source "ChessBase"]
[SourceDate "2019.10.17"]
[SourceVersion "1"]
[SourceVersionDate "2019.10.17"]
[SourceQuality "1"]
[WhiteTeam "Canada"]
[BlackTeam "NATO IV"]
[WhiteTeamCountry "CAN"]

1. c4 d6 2. Nc3 Nf6 3. e3 g6 4. g3 Bg7 5. Bg2 0-0 6. Nge2 e5 7. 0-0 c6 8. d4 Qe7 9. d5 c5 10. e4 h6 11. Bd2 Nbd7 12. h4 Nb6 13. b3 Bg4 14. f3 Bd7 15. Qc1 Kh7 16. Qc2 Ng8 17. Rab1 f5 18. exf5 Bxf5 19. Ne4 Nf6 20. N2c3 Nxe4 21. Nxe4 Nd7 22. h5 gxh5 23. Rbe1 Bg6 24. Bh3 Nf6 25. Nxf6+ Rxf6 26. Qd1 Raf8 27. Be3 Bf7 1/2-1/2